Como dos balas / (Registro nro. 8651)

Detalles MARC
000 -LIDER
fixed length control field 00598nam a22002297a 4500
001 - NÚMERO DE CONTROL
Identificador de número de control 0074
003 - IDENTIFICACDOR DE NÚMERO DE CONTROL
control field DO-SdBNP
005 - DATE AND TIME OF LATEST TRANSACTION
control field 20180119125107.0
007 - CAMPOS FIJOS DE DESCRIPCIÓN FÍSICA
fixed length control field 0074
008 - ELEMENTOS DE LONGITUD FIJA
fixed length control field 151111b sp 1977 xxu||||| |||| 00| 0 spa d
020 ## - ISBN
International Standard Book Number 8424202813
040 ## - FUENTE DE CATALOGACIÓN
Agencia que crea de manera original el registro BPMSU
Idioma de catalogación spa
Agencia que realiza la transcripción BPMSU
100 10 - ASIENTO PRINCIPAL -- NOMBRE PERSONAL
Término de relación Mallorqui, José
245 10 - MENCIÓN DE TITULO
Título Como dos balas /
Mención de responsabilidad José Mallorqui
260 ## - PUBLICACIÓN, DISTRIBUCIÓN, ETC. (PIE DE IMPRENTA)
Lugar de publicación, distribución, etc Barcelona :
Nombre del editor, distribuidor, etc. Favencia,
Fecha de publicación, distribución, etc 1977.
300 ## - DESCRIPCIÓN FÍSICA
Extensión 124 p. :
Otros detalles físicos il.,
Dimensiones 17 cm.
490 ## - MENCIÓN DE SERIES
Mención de serie Dos hombres buenos
Volume/sequential designation 11
830 00 - ASIENTO SECUNDARIO DE SERIE--TÍTULO UNIFORME
Título uniforme Dos hombres buenos
Número de la parte o sección de una obra 11
942 ## - ADDED ENTRY ELEMENTS (KOHA)
Source of classification or shelving scheme Dewey Decimal Classification
Koha item type Libros
945 ## - INFORMACIÓN DE PROCESAMIENTO LOCAL
Información de procesamiento local Inventariado, 2018/MFF
956 ## - LOCAL ELECTRONIC LOCATION AND ACCESS (OCLC)
Nombre de host Brenda Tavárez
Existencias
Withdrawn status Lost status Source of classification or shelving scheme Damaged status Not for loan Collection code Home library Current library Date acquired Source of acquisition Total Checkouts Barcode Date last seen Price effective from Koha item type
    Dewey Decimal Classification     Colección General Biblioteca Pública Metropolitana Salomé Ureña Biblioteca Pública Metropolitana Salomé Ureña 11/11/2015 Donación   BPMSU15110202 11/11/2015 11/11/2015 Libros